000 00334cam a22001217a 4500
008 180718b1963 xxu||||| |||| 00| 0 eng d
082 _aI5511 G862
100 _aGregory, S.
245 _aStatistical methods and the geographer
_cby S. Gregory
260 _aLondon
_bLongmans
_c1963
300 _a240p.
650 _aGeography --Statistics
999 _c366908
_d366908